000 00711cam a22002414a 4500
008
020 _a0521824796
020 _a0521531861 (pbk.)
049 _aMAIN
090 0 _aGB661.2
_bBRU
100 1 _aBrutsaert, Wilfried.
245 1 0 _aHydrology :
_ban introduction /
_cWilfried Brutsaert.
260 _aCambridge ;
_aNew York :
_bCambridge Univeristy Press,
_c2005.
300 _axi, 605 p. :
_bill. ;
_c26 cm.
504 _aIncludes bibliographical references.
500 _aIncludes index.
650 0 _aHydrology.
907 _a.b10204167
_b10-09-12
_c31-05-06
003
005 20240325131514.0
040 _cNUST
942 _cBOOKS
_kGB661.2
_mBRU
_01
999 _c161965
_d161965